premier league table 2016/17 - Statistics

General Stats
  • This quiz has been taken 24 times
  • The average score is 15 of 20
Answer Stats
Place GD PTS Team % Correct
1 52 93 Chelsea
93%
5 33 75 Arsenal
87%
7 18 61 Everton
87%
4 36 76 Liverpool
87%
3 41 78 Manchester City
87%
6 25 69 Manchester United
87%
20 -40 24 Sunderland
87%
2 60 86 Tottenham
87%
11 -17 45 West Ham
87%
12 -15 44 Leicester
80%
8 -7 46 Southampton
80%
13 -15 44 Stoke
80%
10 -8 45 West Brom
80%
14 -13 41 Crystal Palace
73%
15 -25 41 Swansea
73%
18 -43 34 Hull
67%
17 -28 40 Watford
67%
9 -12 46 Bournemouth
33%
16 -16 40 Burnley
27%
19 -26 28 Middlesbrough
13%
No matching quizzes found
Score Distribution
Percent of People with Each Score
Percentile by Number Answered
Your Score History
You have not taken this quiz